Countries With The Most Blondes - Statistics

General Stats
  • This quiz has been taken 36 times
  • The average score is 34 of 40
Answer Stats
Total % Country % Correct
~7,3 mil 60 - 70 Sweden
100%
~4,2 mil 60 - 70 Denmark
97%
~4,0 mil 60 - 70 Finland
97%
~23,5 mil 55 - 60 Poland
97%
~78,0 mil 55 - 60 Russia
97%
~23,3 mil 30 - 35 France
93%
~48,6 mil 50 - 55 Germany
93%
~5,6 mil 10 - 12 Spain
93%
~155 mil 40 - 50 United States
93%
~4,8 mil 30 - 40 Belgium
90%
~18,2 mil 35 - 45 Canada
90%
~8,8 mil 10 - 15 Italy
90%
~10,1 mil 45 - 55 Netherlands
90%
~30,6 mil 35 - 45 United Kingdom
90%
~13,0 mil 35 - 45 Australia
87%
~1,5 mil 10 - 15 Greece
87%
~2,6 mil 40 - 50 Ireland
87%
~3,6 mil 30 - 40 Switzerland
87%
~9,0 mil 15 - 20 Argentina
83%
~9,6 mil 45 - 50 Belarus
83%
~20,4 mil 10 - 15 Brazil
83%
~1,9 mil 20 - 30 Bulgaria
83%
~1,5 mil 25 - 35 Croatia
83%
~5,4 mil 45 - 50 Czech Republic
83%
~2,9 mil 20 - 30 Hungary
83%
~2,1 mil 30 - 40 New Zealand
83%
~4,1 mil 65 - 75 Norway
83%
~2,4 mil 30 -35 Serbia
83%
~2,0 mil 35 - 40 Slovakia
83%
~18,0 mil 45 - 50 Ukraine
83%
~4,1 mil 35 - 45 Austria
80%
~1,3 mil 60 - 70 Latvia
80%
~1,9 mil 60 - 70 Lithuania
80%
~4,8 mil 15 - 25 Romania
80%
~2,2 mil 1 - 2 Mexico
73%
~4,5 mil 3 - 5 Turkey
73%
~2,5 mil 8 - 12 Chile
70%
~2,2 mil 4 - 7 Colombia
70%
~5,0 mil 5 - 8 South Africa
63%
- 2,1 mil 5 - 7 Venezuela
63%
No matching quizzes found
Score Distribution
Percent of People with Each Score
Percentile by Number Answered
Your Score History
You have not taken this quiz